<?xml version="1.0" encoding="UTF-8"?><?xml-stylesheet type="text/xsl" href="static/style.xsl"?><OAI-PMH xmlns="http://www.openarchives.org/OAI/2.0/" xmlns:xsi="http://www.w3.org/2001/XMLSchema-instance" xsi:schemaLocation="http://www.openarchives.org/OAI/2.0/ http://www.openarchives.org/OAI/2.0/OAI-PMH.xsd"><responseDate>2026-04-17T03:06:20Z</responseDate><request verb="GetRecord" identifier="oai:www.recercat.cat:20.500.12367/2446" metadataPrefix="marc">https://recercat.cat/oai/request</request><GetRecord><record><header><identifier>oai:recercat.cat:20.500.12367/2446</identifier><datestamp>2026-02-18T08:58:21Z</datestamp><setSpec>com_2072_484362</setSpec><setSpec>col_2072_484363</setSpec></header><metadata><record xmlns="http://www.loc.gov/MARC21/slim" xmlns:dcterms="http://purl.org/dc/terms/" xmlns:xsi="http://www.w3.org/2001/XMLSchema-instance" xmlns:doc="http://www.lyncode.com/xoai" xsi:schemaLocation="http://www.loc.gov/MARC21/slim http://www.loc.gov/standards/marcxml/schema/MARC21slim.xsd">
   <leader>00925njm 22002777a 4500</leader>
   <datafield ind2=" " ind1=" " tag="042">
      <subfield code="a">dc</subfield>
   </datafield>
   <datafield ind2=" " ind1=" " tag="720">
      <subfield code="a">Kucel, Aleksander</subfield>
      <subfield code="e">author</subfield>
   </datafield>
   <datafield ind2=" " ind1=" " tag="720">
      <subfield code="a">Vilalta-Bufí, Montserrat</subfield>
      <subfield code="e">author</subfield>
   </datafield>
   <datafield ind2=" " ind1=" " tag="260">
      <subfield code="c">2023-08-01</subfield>
   </datafield>
   <datafield ind2=" " ind1=" " tag="520">
      <subfield code="a">Purpose – Research shows that parental employment and education status affect the amount of parental childcare time, which is a fundamental determinant of children’s outcomes. In this paper, the authors study whether being overeducated – working in a job that requires less education than the level of education acquired – is related to the time parents devote to their children. Design/methodology/approach – The authors set two main hypotheses. First, overeducation might lead to more childcare time if being overeducated is the result of the individual prioritizing family over career. Second, overeducation might lead to less childcare time if overeducation is the result of lower ability. The authors estimate time use equations using the American Time Use Survey (ATUS) from 2004 to 2019. [...]</subfield>
   </datafield>
   <datafield ind1="8" ind2=" " tag="024">
      <subfield code="a">Kucel A, Vilalta-Bufí M. Overeducation and childcare time. Int J Manpow. 2023;44(9):108-127. DOI: 10.1108/IJM-01-2023-0040</subfield>
   </datafield>
   <datafield ind1="8" ind2=" " tag="024">
      <subfield code="a">0143-7720</subfield>
   </datafield>
   <datafield ind1="8" ind2=" " tag="024">
      <subfield code="a">https://hdl.handle.net/20.500.12367/2446</subfield>
   </datafield>
   <datafield ind1="8" ind2=" " tag="024">
      <subfield code="a">10.1108/IJM-01-2023-0040</subfield>
   </datafield>
   <datafield tag="653" ind2=" " ind1=" ">
      <subfield code="a">Parental time</subfield>
   </datafield>
   <datafield tag="653" ind2=" " ind1=" ">
      <subfield code="a">Childcare time</subfield>
   </datafield>
   <datafield tag="653" ind2=" " ind1=" ">
      <subfield code="a">Overeducation</subfield>
   </datafield>
   <datafield tag="653" ind2=" " ind1=" ">
      <subfield code="a">Education-job mismatch</subfield>
   </datafield>
   <datafield tag="653" ind2=" " ind1=" ">
      <subfield code="a">ATUS</subfield>
   </datafield>
   <datafield ind2="0" ind1="0" tag="245">
      <subfield code="a">Overeducation and childcare time</subfield>
   </datafield>
</record></metadata></record></GetRecord></OAI-PMH>